[Event "Titled Tuesday intern op 20th Aug Early"]
[Site "Chess.com INT"]
[Date "2024.08.20"]
[Round "9"]
[White "Ardila, Oscar Humberto"]
[Black "Ruiz Vazquez, Javier"]
[Result "1-0"]
[WhiteElo "1973"]
[BlackElo "2237"]
[PlyCount "123"]
[EventDate "2024.08.20"]
[EventType "swiss (blitz)"]
[EventRounds "11"]
[EventCountry "USA"]
[SourceTitle "EXT 2025"]
[Source "ChessBase"]
[SourceDate "2024.10.14"]
[SourceVersion "1"]
[SourceVersionDate "2024.10.14"]
[SourceQuality "1"]

1. d4 d5 2. c4 e6 3. Nc3 a6 4. Nf3 dxc4 5. a4 Nc6 6. e3 Na5 7. Nd2 c5 8. Nxc4 Nxc4 9. Bxc4 cxd4 10. exd4 Nf6 11. 0-0 Bd6 12. Bg5 Bxh2+ 13. Kxh2 Qc7+ 14. Kg1 Qxc4 15. Bxf6 gxf6 16. Ne4 Ke7 17. Rc1 Qd5 18. Qf3 f5 19. Ng5 Qxf3 20. Nxf3 Bd7 21. Rc7 Rab8 22. Ne5 Rhd8 23. Rfc1 f6 24. Nc4 b5 25. Na5 Kd6 26. Nb7+ Rxb7 27. Rxb7 bxa4 28. Rcc7 e5 29. dxe5+ fxe5 30. Kf1 Bb5+ 31. Ke1 Rd7 32. Rxd7+ Bxd7 33. Rb6+ Kd5 34. Rxa6 Kc4 35. Kd2 Bb5 36. Rh6 Kb3 37. Kc1 Bf1 38. g3 e4 39. Rxh7 Be2 40. Rf7 Bg4 41. Rb7+ Kc4 42. Kd2 Bf3 43. Rc7+ Kd4 44. Ra7 e3+ 45. fxe3+ Ke5 46. Rxa4 Kf6 47. Rf4 Bd5 48. Kc3 Kg5 49. Kd4 Bb7 50. b4 Bc8 51. b5 Bb7 52. Kc5 Bg2 53. b6 Bb7 54. Kd6 Bg2 55. Kc7 Bd5 56. b7 Kh6 57. b8Q Bf7 58. Qf8+ Kg6 59. Qd6+ Kg7 60. Qe5+ Kh6 61. Qf6+ Bg6 62. Rh4# 1-0

[Event "Titled Tuesday intern op 20th Aug Late"]
[Site "Chess.com INT"]
[Date "2024.08.20"]
[Round "6"]
[White "Estrada Nieto, Julian"]
[Black "Ruiz Vazquez, Javier"]
[Result "0-1"]
[WhiteElo "2218"]
[BlackElo "2237"]
[PlyCount "170"]
[EventDate "2024.08.20"]
[EventType "swiss (blitz)"]
[EventRounds "11"]
[EventCountry "USA"]
[SourceTitle "EXT 2025"]
[Source "ChessBase"]
[SourceDate "2024.10.14"]
[SourceVersion "1"]
[SourceVersionDate "2024.10.14"]
[SourceQuality "1"]

1. e4 c6 2. d4 d5 3. exd5 cxd5 4. Bd3 Nf6 5. c3 Bg4 6. Nf3 Nc6 7. Bf4 e6 8. 0-0 Bd6 9. Bxd6 Qxd6 10. Nbd2 0-0 11. Re1 Rab8 12. a4 a6 13. a5 Qc7 14. Qa4 Qf4 15. Re3 Bh5 16. Ne5 Nxe5 17. dxe5 Qxa4 18. Rxa4 Nd7 19. b4 Rfc8 20. Ra3 Bg6 21. Bxg6 hxg6 22. Nf3 Rc4 23. Nd4 Rbc8 24. Kf1 Kf8 25. f4 Ke7 26. Ke2 Rh8 27. h3 Rh4 28. Kf3 Rh5 29. Kg3 Rh8 30. Rb3 Rhc8 31. h4 Rh8 32. Kg4 Rhc8 33. g3 Rh8 34. Kf3 Kd8 35. Ke2 Ke7 36. Kd3 Rhc8 37. Kd2 Rh8 38. Rb1 Rhc8 39. Rb3 Rh8 40. Rb1 Rhc8 41. Rh1 Rh8 42. Rh2 Ke8 43. g4 Ke7 44. Reh3 f6 45. exf6+ Nxf6 46. h5 gxh5 47. g5 Ne4+ 48. Kc2 g6 49. Nf3 Rxc3+ 50. Kb2 Rg8 51. Ne5 Rxh3 52. Rxh3 Kf8 53. b5 Kg7 54. bxa6 bxa6 55. Rb3 Nd6 56. Ka3 Rd8 57. Rb6 Nb5+ 58. Kb4 d4 59. Rb7+ Kg8 60. Nc6 Rc8 61. Ne7+ Kf8 62. Nxc8 d3 63. Rd7 d2 64. Rxd2 Nc7 65. Kc5 e5 66. fxe5 Ne6+ 67. Kd6 Nxg5 68. Rf2+ Kg7 69. e6 Ne4+ 70. Kd7 Nxf2 71. e7 Ne4 72. e8Q Nf6+ 73. Kd8 Nxe8 74. Kxe8 h4 75. Nd6 h3 76. Ne4 h2 77. Ng3 Kf6 78. Kf8 Ke5 79. Kg7 Kf4 80. Nh1 Kf3 81. Kxg6 Kg2 82. Kf5 Kxh1 83. Kg4 Kg1 84. Kf5 h1Q 85. Ke6 Qc6+ 0-1

[Event "Titled Tuesday intern op 20th Aug Early"]
[Site "Chess.com INT"]
[Date "2024.08.20"]
[Round "5"]
[White "Hajiyev, Kanan"]
[Black "Ruiz Vazquez, Javier"]
[Result "1-0"]
[WhiteElo "2109"]
[BlackElo "2237"]
[PlyCount "47"]
[EventDate "2024.08.20"]
[EventType "swiss (blitz)"]
[EventRounds "11"]
[EventCountry "USA"]
[SourceTitle "EXT 2025"]
[Source "ChessBase"]
[SourceDate "2024.10.14"]
[SourceVersion "1"]
[SourceVersionDate "2024.10.14"]
[SourceQuality "1"]

1. d4 d5 2. c4 e6 3. cxd5 exd5 4. Nc3 Nf6 5. Qc2 Be7 6. Bf4 c6 7. e3 0-0 8. Bd3 Re8 9. Nf3 Nbd7 10. 0-0 Nf8 11. h3 Ng6 12. Bh2 Be6 13. Ne5 Nxe5 14. dxe5 Nd7 15. Bxh7+ Kh8 16. f4 Qb6 17. Rae1 g6 18. Bxg6 fxg6 19. Qxg6 Nf8 20. Qh6+ Kg8 21. f5 Bc5 22. Na4 Qb4 23. Nxc5 Qxc5 24. f6 1-0

[Event "Titled Tuesday intern op 20th Aug Late"]
[Site "Chess.com INT"]
[Date "2024.08.20"]
[Round "2"]
[White "Ruiz Vazquez, Javier"]
[Black "George Micheal, Kevin"]
[Result "1-0"]
[WhiteElo "2237"]
[BlackElo "2257"]
[PlyCount "123"]
[EventDate "2024.08.20"]
[EventType "swiss (blitz)"]
[EventRounds "11"]
[EventCountry "USA"]
[SourceTitle "EXT 2025"]
[Source "ChessBase"]
[SourceDate "2024.10.14"]
[SourceVersion "1"]
[SourceVersionDate "2024.10.14"]
[SourceQuality "1"]

1. e4 c6 2. d4 d5 3. Nc3 Nf6 4. e5 Nfd7 5. Nf3 e6 6. Be2 c5 7. Bg5 Qb6 8. 0-0 Nc6 9. dxc5 Nxc5 10. a3 a5 11. Nb5 Na7 12. Nbd4 Nc6 13. Rb1 Nxd4 14. Nxd4 Qc7 15. b4 axb4 16. axb4 Ne4 17. Qc1 Nc3 18. Bb5+ Nxb5 19. Nxb5 Qxe5 20. Bf4 Qe4 21. Nc7+ Kd7 22. Nxa8 g5 23. Be3 Ke8 24. Nb6 Bd7 25. Nxd7 Kxd7 26. Qa3 Bd6 27. Qa4+ Ke7 28. Rfd1 h5 29. Qb5 h4 30. Qxb7+ Kf6 31. Bd4+ e5 32. Qd7 Bb8 33. Bc5 d4 34. Qe7+ Kg6 35. Rxd4 Qxc2 36. Rd6+ Bxd6 37. Qxd6+ Kh5 38. Re1 Qc4 39. Qxe5 Rg8 40. Qe2+ Qxe2 41. Rxe2 Ra8 42. h3 g4 43. Re5+ f5 44. hxg4+ Kxg4 45. Kh2 Ra2 46. Re8 Rb2 47. Rg8+ Kf4 48. Rb8 Kg4 49. b5 f4 50. Rg8+ Kf5 51. b6 Ke4 52. Rg7 f3 53. gxf3+ Kxf3 54. b7 Ke2 55. Bd6 Rb3 56. b8Q Rh3+ 57. Kxh3 Kf3 58. Qf8+ Ke2 59. Re7+ Kd1 60. Qf3+ Kc2 61. Re2+ Kb1 62. Qh1# 1-0

[Event "Titled Tuesday intern op 20th Aug Late"]
[Site "Chess.com INT"]
[Date "2024.08.20"]
[Round "7"]
[White "Ruiz Vazquez, Javier"]
[Black "Rodriguez, Santiago"]
[Result "1-0"]
[WhiteElo "2237"]
[BlackElo "2252"]
[PlyCount "65"]
[EventDate "2024.08.20"]
[EventType "swiss (blitz)"]
[EventRounds "11"]
[EventCountry "USA"]
[SourceTitle "EXT 2025"]
[Source "ChessBase"]
[SourceDate "2024.10.14"]
[SourceVersion "1"]
[SourceVersionDate "2024.10.14"]
[SourceQuality "1"]

1. e4 c5 2. Nf3 Nc6 3. Bb5 g6 4. Bxc6 bxc6 5. 0-0 Bg7 6. d3 d6 7. c3 e5 8. Be3 Rb8 9. Qc2 Ne7 10. Nbd2 0-0 11. Rfd1 Nf5 12. Nf1 Nxe3 13. Nxe3 f5 14. Nc4 Be6 15. b3 Qe7 16. Qe2 Rbd8 17. h3 Rf7 18. Qe3 Rdf8 19. Qg5 Bf6 20. Qe3 f4 21. Qe2 g5 22. d4 exd4 23. cxd4 g4 24. hxg4 Bxg4 25. dxc5 Bxa1 26. cxd6 Qf6 27. e5 Bxf3 28. gxf3 Bxe5 29. Qxe5 Rg7+ 30. Kf1 Qh6 31. d7 Qh3+ 32. Ke2 Rd8 33. Qe8+ 1-0

[Event "Titled Tuesday intern op 20th Aug Late"]
[Site "Chess.com INT"]
[Date "2024.08.20"]
[Round "3"]
[White "Ruiz Vazquez, Javier"]
[Black "Shapiro, Viktor"]
[Result "0-1"]
[WhiteElo "2237"]
[BlackElo "2074"]
[PlyCount "52"]
[EventDate "2024.08.20"]
[EventType "swiss (blitz)"]
[EventRounds "11"]
[EventCountry "USA"]
[SourceTitle "EXT 2025"]
[Source "ChessBase"]
[SourceDate "2024.10.14"]
[SourceVersion "1"]
[SourceVersionDate "2024.10.14"]
[SourceQuality "1"]

1. e4 Nf6 2. Nc3 d5 3. exd5 Nxd5 4. Bc4 Nb6 5. Bb3 c5 6. d3 Nc6 7. Nf3 Bf5 8. 0-0 e6 9. Bg5 Be7 10. Bxe7 Qxe7 11. a4 a5 12. Qe2 0-0 13. Ne4 Bg4 14. Ned2 Nd4 15. Qe4 Bxf3 16. Nxf3 Nxb3 17. cxb3 Nd5 18. Rac1 Rac8 19. Rfe1 Qf6 20. Ne5 Rfd8 21. d4 cxd4 22. Rxc8 Rxc8 23. Qxd4 Rc2 24. h3 h5 25. Rf1 Nf4 26. Rd1 Ne2+ 0-1

[Event "Titled Tuesday intern op 13th Aug Late"]
[Site "Chess.com INT"]
[Date "2024.08.13"]
[Round "5"]
[White "Ruiz Vazquez, Javier"]
[Black "Grinev, Valeriy"]
[Result "1/2-1/2"]
[WhiteElo "2237"]
[BlackElo "2422"]
[PlyCount "62"]
[EventDate "2024.08.13"]
[EventType "swiss (blitz)"]
[EventRounds "11"]
[EventCountry "USA"]
[SourceTitle "EXT 2025"]
[Source "ChessBase"]
[SourceDate "2024.10.14"]
[SourceVersion "1"]
[SourceVersionDate "2024.10.14"]
[SourceQuality "1"]

1. e4 c6 2. Nc3 d5 3. d4 dxe4 4. Nxe4 Bf5 5. Ng3 Bg6 6. Nf3 Nd7 7. h4 h6 8. h5 Bh7 9. Bd3 Bxd3 10. Qxd3 e6 11. 0-0 Ngf6 12. Re1 Be7 13. Bd2 0-0 14. Rad1 Re8 15. Bf4 Qa5 16. Ne5 Rad8 17. a3 Nxe5 18. Bxe5 c5 19. Qf3 Qb6 20. dxc5 Qxc5 21. Bc3 Qc7 22. Ne4 Nxe4 23. Qxe4 Rxd1 24. Rxd1 Rd8 25. Rxd8+ Qxd8 26. Qxb7 Qd1+ 27. Kh2 Qxh5+ 28. Kg1 Qd1+ 29. Kh2 Qh5+ 30. Kg1 Qd1+ 31. Kh2 Qh5+ 1/2-1/2

[Event "Titled Tuesday intern op 06th Aug Late"]
[Site "Chess.com INT"]
[Date "2024.08.06"]
[Round "4"]
[White "Ruiz Vazquez, Javier"]
[Black "Sargsyan, Anna M"]
[Result "0-1"]
[WhiteElo "2237"]
[BlackElo "2371"]
[PlyCount "72"]
[EventDate "2024.08.06"]
[EventType "swiss (blitz)"]
[EventRounds "11"]
[EventCountry "USA"]
[SourceTitle "EXT 2025"]
[Source "ChessBase"]
[SourceDate "2024.10.14"]
[SourceVersion "1"]
[SourceVersionDate "2024.10.14"]
[SourceQuality "1"]

1. e4 c6 2. d4 d5 3. Nc3 dxe4 4. Nxe4 Nf6 5. Ng5 h6 6. Nxf7 Kxf7 7. Nf3 e6 8. Ne5+ Kg8 9. Bd3 Nbd7 10. Qf3 Nxe5 11. dxe5 Qa5+ 12. Bd2 Qxe5+ 13. Kf1 Qd5 14. Qe2 Qh5 15. f3 Bd6 16. Re1 Bd7 17. Bc3 Kf7 18. h4 Bg3 19. Rd1 Nd5 20. Be4 Rad8 21. Bd4 e5 22. Bxa7 Be6 23. c4 Nf4 24. Qc2 Rxd1+ 25. Qxd1 Bxc4+ 26. Kg1 Ne2+ 27. Kf1 Nc3+ 28. Bd3 Nxd1 29. Bxc4+ Ke7 30. Bc5+ Kd7 31. Ke2 Nxb2 32. Bb3 Kc7 33. Rb1 Nd3 34. Be3 Rd8 35. Be6 Nf4+ 36. Bxf4 Bxf4 0-1

[Event "Titled Tuesday intern op 23rd Jul Early"]
[Site "Chess.com INT"]
[Date "2024.07.23"]
[Round "4"]
[White "Domingo Nunez, Ruben"]
[Black "Ruiz Vazquez, Javier"]
[Result "1-0"]
[WhiteElo "2438"]
[BlackElo "2237"]
[PlyCount "109"]
[EventDate "2024.07.23"]
[EventType "swiss (blitz)"]
[EventRounds "11"]
[EventCountry "USA"]
[SourceTitle "EXT 2025"]
[Source "ChessBase"]
[SourceDate "2024.10.14"]
[SourceVersion "1"]
[SourceVersionDate "2024.10.14"]
[SourceQuality "1"]

1. b3 a5 2. Bb2 a4 3. Nf3 Nf6 4. e3 e6 5. c4 a3 6. Bc3 Nc6 7. d3 Be7 8. Be2 d5 9. 0-0 0-0 10. Qc1 Bd7 11. Rd1 Nb4 12. Ne5 b5 13. Bxb4 Bxb4 14. c5 d4 15. Bf3 Nd5 16. exd4 c6 17. Bxd5 exd5 18. Nc3 Be8 19. Ne2 Qh4 20. Qe3 f6 21. Nf3 Qg4 22. h3 Qd7 23. Nf4 Bf7 24. Nh2 Rfe8 25. Qg3 Bc3 26. Ng4 Kh8 27. Rac1 Bxd4 28. Qf3 Bb2 29. Rc2 Re7 30. d4 Rae8 31. Ne3 Re4 32. Rcd2 Bc3 33. Rd3 b4 34. Ne2 Bb2 35. Ng3 R4e6 36. Nc2 Bg6 37. Nxb4 Bxd3 38. Nxd3 R6e7 39. Nf5 Re4 40. Nd6 Bxd4 41. Nxe8 Rxe8 42. b4 Bb2 43. Nxb2 axb2 44. Qb3 d4 45. Qxb2 Rd8 46. a4 d3 47. b5 d2 48. bxc6 Qxc6 49. Rxd2 Rc8 50. Qb5 Qc7 51. Qb6 h6 52. Qxc7 Rxc7 53. Rc2 Ra7 54. c6 Rc7 55. a5 1-0

[Event "Titled Tuesday intern op 23rd Jul Early"]
[Site "Chess.com INT"]
[Date "2024.07.23"]
[Round "9"]
[White "Guzman Lozano, Campo Elias"]
[Black "Ruiz Vazquez, Javier"]
[Result "0-1"]
[WhiteElo "1868"]
[BlackElo "2237"]
[PlyCount "62"]
[EventDate "2024.07.23"]
[EventType "swiss (blitz)"]
[EventRounds "11"]
[EventCountry "USA"]
[SourceTitle "EXT 2025"]
[Source "ChessBase"]
[SourceDate "2024.10.14"]
[SourceVersion "1"]
[SourceVersionDate "2024.10.14"]
[SourceQuality "1"]

1. Nf3 Nf6 2. b3 a5 3. a3 e6 4. Bb2 Nc6 5. Nc3 d5 6. e3 Be7 7. Be2 0-0 8. 0-0 e5 9. d4 e4 10. Nd2 Re8 11. Na2 Nb8 12. c4 c6 13. Nc3 Bf8 14. Rc1 Bf5 15. cxd5 cxd5 16. Nb5 Na6 17. a4 Qd7 18. Ba3 Rec8 19. Bxf8 Kxf8 20. Nb1 Nb4 21. Qd2 Bg4 22. N1c3 Bxe2 23. Nxe2 Nd3 24. Rxc8+ Rxc8 25. f3 Qc6 26. fxe4 dxe4 27. Nf4 Qc2 28. Qxa5 Ng4 29. Ne6+ Kg8 30. Nd6 Nxe3 31. Qg5 Qf2+ 0-1